000
00255nam a22001217a 4500
008
180306b xxu||||| |||| 00| 0 eng d
041
_a
eng
080
_a
91
100
_a
42
101
_a
GJEO
245
_a
A partial eclipse
_c
Gamma,E
942
_2
udc
_c
BK
999
_c
44208
_d
44208